000 00577nam a2200241 a 4500
001 0001-1279
003 ELIB.Books
008 150630 2010 eng
020 _a0800716256
035 _a(ELIB.Books)0001-1434
092 _a248.4
_bRic
100 _aRice, Helen Steiner.
245 _aPathways
260 _aNew York
_bGuideposts
_c1989
300 _a96
_c21 Cm
500 _aLibrary
650 _aChristian Life
856 _nKBTS: Library
_uKBTS: Elib
942 _2ddc
_cBK
990 _a1
998 _cbat
_e2015-06-30
999 _c11279
_d11279